Hymns from the Rigveda. (Record no. 59217)

MARC details
000 -LEADER
fixed length control field 00846cam a22002651 4500
001 - CONTROL NUMBER
control field sa 64005623
003 - CONTROL NUMBER IDENTIFIER
control field DLC
005 - DATE AND TIME OF LATEST TRANSACTION
control field 20260227112033.0
008 - FIXED-LENGTH DATA ELEMENTS--GENERAL INFORMATION
fixed length control field 921001s1888 ii f000 0 eng
010 ## - LIBRARY OF CONGRESS CONTROL NUMBER
LC control number sa 64005623
035 ## - SYSTEM CONTROL NUMBER
System control number (OCoLC)26709384
040 ## - CATALOGING SOURCE
Original cataloging agency DLC
Transcribing agency WaU
Modifying agency WaU
-- DLC
041 1# - LANGUAGE CODE
Language code of text/sound track or separate title eng
Language code of original san
042 ## - AUTHENTICATION CODE
Authentication code premarc
050 00 - LIBRARY OF CONGRESS CALL NUMBER
Classification number PK3012
Item number .P5 1888
130 0# - MAIN ENTRY--UNIFORM TITLE
Uniform title Vedas.
Name of part/section of a work R̥gveda.
Form subheading Selections.
245 10 - TITLE STATEMENT
Title Hymns from the Rigveda.
Statement of responsibility, etc. Edited with Sayana's commentary, notes, and a translation, by Peter Peterson.
260 ## - PUBLICATION, DISTRIBUTION, ETC.
Place of publication, distribution, etc. Bombay,
Name of publisher, distributor, etc. Govt. Central Book Depôt,
Date of publication, distribution, etc. 1888.
300 ## - PHYSICAL DESCRIPTION
Extent 3, 293 p.
Dimensions 22 cm.
440 #0 - SERIES STATEMENT/ADDED ENTRY--TITLE
Title Bombay Sanskrit series,
Volume/sequential designation no. 36
500 ## - GENERAL NOTE
General note At head of title: The Dept. of Public Instruction, Bombay.
500 ## - GENERAL NOTE
General note "500 copies."
700 0# - ADDED ENTRY--PERSONAL NAME
Personal name Sāyana,
Dates associated with a name -1387.
700 1# - ADDED ENTRY--PERSONAL NAME
Personal name Peterson, Peter,
Dates associated with a name 1847-1899.

No items available.

Powered by Koha